[Event "BL 1920 OSG Baden-Baden - SG Solingen"]
[Site "?"]
[Date "2019.12.07"]
[Round "3.7"]
[White "Smeets, Jan"]
[Black "Movsesian, Sergei"]
[Result "1/2-1/2"]
[WhiteElo "2590"]
[BlackElo "2639"]
[PlyCount "116"]
[EventDate "2019.??.??"]

1. e4 Nf6 2. e5 Nd5 3. d4 d6 4. c4 Nb6 5. exd6 exd6 6. h3 Be7 7. Nf3 O-O 8. Be2
Bf5 9. Nc3 Bf6 10. g4 Be6 11. g5 Be7 12. d5 Bd7 13. h4 c6 14. b3 cxd5 15. cxd5
Re8 16. Qd4 Bf8 17. h5 Nc8 18. g6 h6 19. Qf4 f5 20. O-O Be7 21. Be3 Bf6 22. Bd4
Rf8 23. Rfe1 Na6 24. Bxa6 bxa6 25. Rad1 Rb8 26. Ne2 Rb5 27. Bxf6 Rxf6 28. Qe3
Rb4 29. Rd4 Rxd4 30. Nfxd4 f4 31. Nxf4 Qa5 32. Nc6 Qxa2 33. Kg2 Rf8 34. Ne6 Rf6
35. Ned4 Bg4 36. Rh1 Bd7 37. Rh4 Nb6 38. Ne7+ Kf8 39. Rf4 Rxf4 40. Qxf4+ Kxe7
41. Qf7+ Kd8 42. Qxg7 Qd2 43. Qf6+ Kc7 44. g7 Nxd5 45. Qh4 Ne3+ 46. Kf3 Nc2 47.
Nxc2 Qc3+ 48. Ne3 Bc6+ 49. Ke2 Qb2+ 50. Ke1 Qc3+ 51. Ke2 Bb5+ 52. Kf3 Qxg7 53.
Nd5+ Kc6 54. Qe4 Qf7+ 55. Nf4+ Kc7 56. Qe6 Bc6+ 57. Ke3 Qg7 58. Nd5+ Bxd5
1/2-1/2

[Event "BL 1920 OSG Baden-Baden - SG Solingen"]
[Site "?"]
[Date "2019.12.07"]
[Round "3.8"]
[White "Gustafsson, Jan"]
[Black "Naumann, Alexander"]
[Result "1-0"]
[WhiteElo "2643"]
[BlackElo "2542"]
[PlyCount "49"]
[EventDate "2019.??.??"]

1. c4 Nf6 2. Nc3 d5 3. cxd5 Nxd5 4. g3 c5 5. Bg2 Nc7 6. d3 Nc6 7. Bxc6+ bxc6 8.
Nf3 Ne6 9. Qa4 Nd4 10. Be3 Nxf3+ 11. exf3 g6 12. Bxc5 Bg7 13. Qxc6+ Bd7 14. Qe4
Rc8 15. d4 Bc6 16. Qe3 O-O 17. O-O Qd7 18. Rfd1 Qf5 19. Ne4 Qd5 20. Bxe7 Rfe8
21. Bf6 Re6 22. Bxg7 Kxg7 23. Rac1 Bb7 24. Rxc8 Bxc8 25. Qb3 1-0

[Event "BL 1920 Schachfreunde Deizisau - SV Mü"]
[Site "?"]
[Date "2019.12.07"]
[Round "3.1"]
[White "Beerdsen, Thomas"]
[Black "Leko, Peter"]
[Result "1/2-1/2"]
[WhiteElo "2482"]
[BlackElo "2670"]
[PlyCount "34"]
[EventDate "2019.??.??"]

1. e4 e5 2. Nf3 Nc6 3. Bc4 Bc5 4. O-O Nf6 5. d4 Bxd4 6. Nxd4 Nxd4 7. Bg5 d6 8.
f4 Bg4 9. Bxf6 Bxd1 10. Bxd8 Rxd8 11. c3 Be2 12. cxd4 Bxc4 13. Rc1 Bd3 14. Rxc7
Rd7 15. Rc8+ Rd8 16. Rc7 Rd7 17. Rc8+ Rd8 1/2-1/2

[Event "BL 1920 Schachfreunde Deizisau - SV Mü"]
[Site "?"]
[Date "2019.12.07"]
[Round "3.2"]
[White "Heimann, Andreas"]
[Black "Vrolijk, Liam"]
[Result "1/2-1/2"]
[WhiteElo "2617"]
[BlackElo "2467"]
[PlyCount "45"]
[EventDate "2019.??.??"]

1. e4 e5 2. Nf3 Nc6 3. Bb5 a6 4. Ba4 Nf6 5. O-O b5 6. Bb3 Bc5 7. a4 Rb8 8. c3
d6 9. d4 Bb6 10. a5 Ba7 11. Be3 exd4 12. Nxd4 Ne5 13. Ne6 Bxe6 14. Bxa7 Bxb3
15. Qxb3 Ra8 16. Bd4 O-O 17. Rd1 Qe7 18. Nd2 c5 19. Bxe5 Qxe5 20. Qc2 Rfe8 21.
Re1 d5 22. Nf3 Qe6 23. exd5 1/2-1/2

[Event "BL 1920 Schachfreunde Deizisau - SV Mü"]
[Site "?"]
[Date "2019.12.07"]
[Round "3.3"]
[White "Buckels, Valentin"]
[Black "Meier, Georg"]
[Result "0-1"]
[WhiteElo "2460"]
[BlackElo "2626"]
[PlyCount "100"]
[EventDate "2019.??.??"]

1. d4 Nf6 2. c4 e6 3. Nc3 Bb4 4. Qc2 O-O 5. e4 d6 6. e5 Nfd7 7. a3 Bxc3+ 8.
Qxc3 f5 9. Nf3 dxe5 10. Nxe5 Nxe5 11. dxe5 Nc6 12. Bf4 Rf7 13. Rd1 Rd7 14. Rxd7
Qxd7 15. Be3 b6 16. Be2 Bb7 17. O-O Rd8 18. h3 Nd4 19. Bxd4 Qxd4 20. Rd1 Qh4
21. Rxd8+ Qxd8 22. Bf3 Bxf3 23. Qxf3 Qd2 24. g3 Qe1+ 25. Kh2 Qxe5 26. Qa8+ Kf7
27. Qxa7 Qc5 28. Kg1 Qxc4 29. Qb8 Qc1+ 30. Kg2 h6 31. b4 Qc6+ 32. Kg1 b5 33.
Qd8 Qd6 34. Qb8 Qd1+ 35. Kg2 Qd7 36. h4 e5 37. Qa7 Qc6+ 38. Kg1 f4 39. gxf4
exf4 40. Qd4 Qd6 41. Qc3 c6 42. Kg2 Qg6+ 43. Kf3 Qh5+ 44. Ke4 Qe2+ 45. Kxf4
Qxf2+ 46. Kg4 h5+ 47. Kh3 Qf5+ 48. Kh2 Qf4+ 49. Kg1 Qg4+ 50. Kf1 Qxh4 0-1

[Event "BL 1920 Schachfreunde Deizisau - SV Mü"]
[Site "?"]
[Date "2019.12.07"]
[Round "3.4"]
[White "Krasenkow, Michal"]
[Black "Hausrath, Daniel"]
[Result "1-0"]
[WhiteElo "2611"]
[BlackElo "2476"]
[PlyCount "93"]
[EventDate "2019.??.??"]

1. d4 Nf6 2. c4 d6 3. Nc3 Bf5 4. Nf3 c6 5. Nh4 Bd7 6. g3 e5 7. Bg2 Be7 8. O-O
O-O 9. e4 Na6 10. Nf5 Bxf5 11. exf5 exd4 12. Qxd4 Re8 13. Rd1 Qa5 14. Qf4 Bf8
15. Bd2 Nb4 16. Qf3 Qa6 17. Bg5 Qxc4 18. Bxf6 gxf6 19. a3 Na6 20. Ne4 Qxe4 21.
Qxe4 Rxe4 22. Bxe4 d5 23. Bd3 Nc7 24. b4 a5 25. Rab1 axb4 26. axb4 Ra2 27. b5
Bc5 28. bxc6 Bxf2+ 29. Kh1 bxc6 30. Rdc1 c5 31. Rb7 Na6 32. Bxa6 Rxa6 33. Rd7
Be3 34. Rc3 Ra1+ 35. Kg2 Ra2+ 36. Kf3 Bd4 37. Rb3 h5 38. Rxd5 Rxh2 39. Rb8+ Kg7
40. Rdd8 Kh6 41. Rh8+ Kg5 42. Rbg8+ Kxf5 43. Rxh5+ Rxh5 44. g4+ Ke6 45. gxh5 c4
46. h6 c3 47. h7 1-0

[Event "BL 1920 Schachfreunde Deizisau - SV Mü"]
[Site "?"]
[Date "2019.12.07"]
[Round "3.5"]
[White "Dinstuhl, Volkmar"]
[Black "Bluebaum, Matthias"]
[Result "0-1"]
[WhiteElo "2380"]
[BlackElo "2644"]
[PlyCount "84"]
[EventDate "2019.??.??"]

1. Nf3 d5 2. e3 c5 3. b3 a6 4. Bb2 Nc6 5. d4 Nf6 6. Be2 Bf5 7. O-O e6 8. Nbd2
cxd4 9. Nxd4 Nxd4 10. Bxd4 Rc8 11. c4 Bc5 12. Bxc5 Rxc5 13. b4 Rc7 14. Rc1 O-O
15. Nb3 Qe7 16. a3 Rfc8 17. c5 e5 18. Qd2 Rd8 19. Rfd1 Bd7 20. Na5 Ba4 21. Re1
h5 22. Qb2 h4 23. Bd1 Bxd1 24. Rcxd1 h3 25. f3 hxg2 26. Qxg2 Qe6 27. Nc4 Rcd7
28. Nb6 Re7 29. Rd2 Ree8 30. Red1 d4 31. exd4 exd4 32. Qf2 Nh7 33. Kh1 Ng5 34.
Qg3 Qf6 35. Rd3 Ne6 36. Nc4 Nf4 37. R3d2 d3 38. Nd6 Re3 39. Ne4 Qe5 40. Qg5
Qxg5 41. Nxg5 Rd5 42. Rg1 Kf8 0-1

[Event "BL 1920 Schachfreunde Deizisau - SV Mü"]
[Site "?"]
[Date "2019.12.07"]
[Round "3.6"]
[White "Donchenko, Alexander"]
[Black "Rezasade, Amir"]
[Result "1-0"]
[WhiteElo "2644"]
[BlackElo "2335"]
[PlyCount "83"]
[EventDate "2019.??.??"]

1. c4 g6 2. d4 Bg7 3. e4 c5 4. d5 d6 5. Nc3 Nf6 6. h3 O-O 7. Nf3 b5 8. cxb5 a6
9. a4 axb5 10. Bxb5 Ba6 11. Bg5 Nbd7 12. O-O h6 13. Be3 Ne8 14. Bxa6 Rxa6 15.
Nd2 Qa5 16. Nc4 Qb4 17. Qd3 Nb6 18. Nxb6 Rxb6 19. Bd2 Nf6 20. b3 Qd4 21. Qc2 g5
22. Rae1 Nh5 23. e5 Nf4 24. exd6 exd6 25. Re4 Qd3 26. Qxd3 Nxd3 27. Nb5 Be5 28.
g3 Bg7 29. Ba5 Rb7 30. Bc7 Be5 31. Re3 Nb4 32. Bxd6 Bxd6 33. Nxd6 Rd7 34. Ne4
Kg7 35. d6 Re8 36. Rc1 f5 37. Nxc5 Rxe3 38. Nxd7 Rd3 39. Rc4 Rd1+ 40. Kh2 Nd5
41. Nc5 Kf6 42. a5 1-0

[Event "BL 1920 Schachfreunde Deizisau - SV Mü"]
[Site "?"]
[Date "2019.12.07"]
[Round "3.8"]
[White "Maurizzi, Marc Andria"]
[Black "Baltic, Fatih"]
[Result "1/2-1/2"]
[WhiteElo "2404"]
[BlackElo "2253"]
[PlyCount "63"]
[EventDate "2019.??.??"]

1. e4 e5 2. Nf3 Nc6 3. Bb5 a6 4. Ba4 d6 5. c4 Bg4 6. Nc3 Nf6 7. d3 Nd7 8. Be3
g6 9. Bxc6 bxc6 10. Qa4 Nb6 11. Bxb6 cxb6 12. Qxc6+ Bd7 13. Qb7 Rb8 14. Qxa6
Be7 15. Nd5 O-O 16. O-O f5 17. exf5 gxf5 18. Rfe1 Rf7 19. Qa3 Bf8 20. Nd2 Bc6
21. Nf1 Qd7 22. d4 Bxd5 23. cxd5 e4 24. Rac1 Qb5 25. Qb3 Qxb3 26. axb3 Ra8 27.
Rc6 Ra5 28. Rxb6 Rxd5 29. Rd1 f4 30. g3 fxg3 31. hxg3 Bh6 32. Rb8+ 1/2-1/2

[Event "BL 1920 SV Lingen - SV Hockenheim"]
[Site "?"]
[Date "2019.12.07"]
[Round "3.1"]
[White "Fedoseev, Vladimir"]
[Black "Matlakov, Maxim"]
[Result "1/2-1/2"]
[WhiteElo "2677"]
[BlackElo "2699"]
[PlyCount "48"]
[EventDate "2019.??.??"]

1. d4 Nf6 2. c4 e6 3. Nf3 d5 4. Nc3 Bb4 5. Qb3 a5 6. Bf4 c5 7. a3 a4 8. Qc2
Bxc3+ 9. bxc3 cxd4 10. cxd4 dxc4 11. Qxc4 Nc6 12. e3 Bd7 13. Nd2 Nd5 14. Bd6
Na5 15. Qd3 Bc6 16. Bb4 Nxb4 17. axb4 Nb3 18. Nxb3 axb3 19. Rxa8 Qxa8 20. Qxb3
Qa1+ 21. Qd1 Qc3+ 22. Qd2 Qa1+ 23. Qd1 Qc3+ 24. Qd2 Qa1+ 1/2-1/2

[Event "BL 1920 SV Lingen - SV Hockenheim"]
[Site "?"]
[Date "2019.12.07"]
[Round "3.2"]
[White "Rodshtein, Maxim"]
[Black "Inarkiev, Ernesto"]
[Result "1-0"]
[WhiteElo "2626"]
[BlackElo "2663"]
[PlyCount "91"]
[EventDate "2019.??.??"]

1. c4 e5 2. g3 Nf6 3. Bg2 c6 4. d4 exd4 5. Qxd4 Na6 6. Nf3 Bc5 7. Qe5+ Be7 8.
O-O O-O 9. Nc3 Re8 10. Rd1 Bb4 11. Qd4 Nc5 12. Be3 d6 13. h3 Qe7 14. Bd2 a5 15.
Qh4 Bf5 16. Nd4 Bg6 17. Rac1 Ne6 18. Nxe6 Qxe6 19. Be3 a4 20. Nd5 Ba5 21. Nxf6+
gxf6 22. Bd4 Bd8 23. Bf3 Be4 24. Qf4 Ra5 25. Bc3 Rf5 26. Qg4+ Kf8 27. Bxe4 Qxe4
28. Rd4 Qe6 29. Rxd6 Qxd6 30. Qxf5 Rxe2 31. Kf1 Re6 32. Qxh7 Qc5 33. Bd2 Ke7
34. Be3 Qd6 35. Qc2 Bc7 36. Rd1 Qb4 37. Kg2 Bd6 38. h4 Qa5 39. c5 Be5 40. h5
Qb4 41. Qd3 Kf8 42. Qh7 f5 43. Bh6+ Ke7 44. Bg5+ Bf6 45. Qg8 Qa5 46. Bh6 1-0

[Event "BL 1920 SV Lingen - SV Hockenheim"]
[Site "?"]
[Date "2019.12.07"]
[Round "3.3"]
[White "Ponomariov, Ruslan"]
[Black "Laznicka, Viktor"]
[Result "1/2-1/2"]
[WhiteElo "2634"]
[BlackElo "2648"]
[PlyCount "70"]
[EventDate "2019.??.??"]

1. d4 d5 2. c4 c6 3. Nf3 Nf6 4. e3 a6 5. Bd2 e6 6. Qc2 Nbd7 7. Nc3 dxc4 8. a4
c5 9. Bxc4 cxd4 10. exd4 Be7 11. O-O O-O 12. Rfe1 Nb6 13. Bd3 Nbd5 14. Nxd5
Qxd5 15. Bg5 h6 16. Bf4 Bb4 17. Bc4 Qd8 18. Red1 b6 19. Qb3 a5 20. Ne5 Bb7 21.
Rac1 Nd5 22. Qg3 Nxf4 23. Qxf4 Rc8 24. h3 Bd6 25. Qe3 Qe7 26. Bb5 Rxc1 27. Rxc1
Rc8 28. Nc6 Qf6 29. Qe4 h5 30. g3 g6 31. Rc3 Rc7 32. h4 Kg7 33. Rf3 Bxc6 34.
Bxc6 Qe7 35. Rc3 Rc8 1/2-1/2

[Event "BL 1920 SV Lingen - SV Hockenheim"]
[Site "?"]
[Date "2019.12.07"]
[Round "3.4"]
[White "Volokitin, Andrei"]
[Black "Saric, Ivan"]
[Result "1-0"]
[WhiteElo "2641"]
[BlackElo "2651"]
[PlyCount "79"]
[EventDate "2019.??.??"]

1. e4 c5 2. Nf3 Nc6 3. Bb5 g6 4. Bxc6 dxc6 5. d3 Bg7 6. h3 Nf6 7. Nc3 O-O 8.
Bf4 Nh5 9. Be3 Qd6 10. Qd2 e5 11. g4 Nf4 12. Bxf4 exf4 13. O-O-O b5 14. e5 Qe6
15. Qxf4 b4 16. Ne4 Qxa2 17. Nf6+ Bxf6 18. exf6 Qa1+ 19. Kd2 Qxb2 20. Rb1 Qc3+
21. Kc1 Be6 22. Re1 b3 23. Rb2 bxc2 24. d4 Kh8 25. Qh6 Rg8 26. Re3 Qc4 27. Rxc2
Qa6 28. Ng5 Qf1+ 29. Kd2 Qxf2+ 30. Kd1 Qg1+ 31. Ke2 Qg2+ 32. Ke1 Qg1+ 33. Ke2
Qg2+ 34. Kd3 Qf1+ 35. Ree2 Qd1+ 36. Red2 Qf1+ 37. Re2 Qd1+ 38. Rcd2 Bc4+ 39.
Ke3 Rae8+ 40. Kf4 1-0

[Event "BL 1920 SV Lingen - SV Hockenheim"]
[Site "?"]
[Date "2019.12.07"]
[Round "3.6"]
[White "Ivanisevic, Ivan"]
[Black "Wagner, Dennis"]
[Result "0-1"]
[WhiteElo "2593"]
[BlackElo "2578"]
[PlyCount "122"]
[EventDate "2019.??.??"]

1. d4 Nf6 2. c4 g6 3. Nc3 d5 4. Nf3 Bg7 5. Qb3 dxc4 6. Qxc4 O-O 7. e4 a6 8. e5
b5 9. Qb3 Nfd7 10. e6 fxe6 11. Be3 Nf6 12. g3 b4 13. Na4 Bb7 14. Qxe6+ Kh8 15.
Bg2 Bd5 16. Qh3 Qd7 17. Qxd7 Nfxd7 18. Nh4 Bxg2 19. Nxg2 Nc6 20. O-O-O e5 21.
dxe5 Ndxe5 22. Nf4 Ng4 23. Bc5 Rf5 24. Nd3 a5 25. h3 Nf6 26. Rhe1 Kg8 27. Re6
Nd8 28. Re2 Nf7 29. Nf4 Bh6 30. Be3 Re8 31. Rdd2 Ne5 32. Ng2 Bg7 33. Nh4 Rh5
34. Bd4 Nc4 35. Rc2 Rxe2 36. Rxe2 Rd5 37. Nf3 Nd6 38. b3 Nfe4 39. Bxg7 Kxg7 40.
Nd2 Rd4 41. h4 Kf6 42. Kc2 Kf5 43. Nb2 Rxd2+ 44. Rxd2 Nxd2 45. Kxd2 Ke4 46. Ke2
Kd4 47. Nd3 c5 48. g4 Ne4 49. Nf4 Nc3+ 50. Kd2 Nxa2 51. Ne6+ Kd5 52. Nf8 c4 53.
Kc2 Nc3 54. Nxh7 a4 55. bxa4 Nxa4 56. h5 b3+ 57. Kd2 gxh5 58. gxh5 c3+ 59. Kd3
c2 60. Kd2 Nc3 61. Nf6+ Kd4 0-1

[Event "BL 1920 SV Lingen - SV Hockenheim"]
[Site "?"]
[Date "2019.12.07"]
[Round "3.7"]
[White "Buhmann, Rainer"]
[Black "Perunovic, Milos"]
[Result "1/2-1/2"]
[WhiteElo "2568"]
[BlackElo "2589"]
[PlyCount "84"]
[EventDate "2019.??.??"]

1. Nf3 c5 2. c4 Nc6 3. Nc3 g6 4. g3 Bg7 5. Bg2 e5 6. O-O d6 7. a3 a5 8. d3 Nge7
9. Ne1 Be6 10. Nc2 d5 11. cxd5 Nxd5 12. Ne4 b6 13. Ng5 Bc8 14. Ne3 Nde7 15. f4
O-O 16. fxe5 h6 17. Nf3 Rb8 18. Nc4 b5 19. Ncd2 Nxe5 20. Nxe5 Bxe5 21. Nf3 Bg7
22. Bf4 Rb6 23. Qd2 Nf5 24. Qxa5 g5 25. Bd2 g4 26. Nh4 Nd4 27. Rad1 Qd6 28. Kh1
Nb3 29. Qa8 Bb7 30. Qxb7 Rxb7 31. Bxb7 Re8 32. Bf4 Qd7 33. Be4 Rxe4 34. dxe4
Qe6 35. Rd8+ Kh7 36. e5 Qc4 37. Rf2 Qe4+ 38. Kg1 Nd4 39. e3 Qb1+ 40. Kg2 Qe4+
41. Kg1 Qb1+ 42. Kg2 Qe4+ 1/2-1/2

[Event "BL 1920 SV Lingen - SV Hockenheim"]
[Site "?"]
[Date "2019.12.07"]
[Round "3.8"]
[White "Gutman, Lev"]
[Black "Banusz, Tamas"]
[Result "1-0"]
[WhiteElo "2393"]
[BlackElo "2621"]
[PlyCount "89"]
[EventDate "2019.??.??"]

1. Nf3 d5 2. g3 Bg4 3. Bg2 c6 4. O-O Nd7 5. c3 Ngf6 6. Qb3 Qb6 7. d3 e6 8. Be3
Bc5 9. Bxc5 Nxc5 10. Qa3 O-O 11. Nbd2 Rfe8 12. Rfe1 e5 13. d4 exd4 14. Nxd4
Rad8 15. N2b3 Ncd7 16. Qa5 Ne5 17. Qxb6 axb6 18. h3 Bd7 19. a4 Ra8 20. a5 c5
21. Nc2 c4 22. Nbd4 bxa5 23. Ne3 Bc6 24. Ra3 Ra6 25. b3 cxb3 26. Nxb3 a4 27.
Nd4 b5 28. Rd1 Bd7 29. Nxd5 Nxd5 30. Bxd5 Rd6 31. Bg2 Rb8 32. Raa1 b4 33. cxb4
Rxb4 34. Nc6 Nxc6 35. Rxd6 Nb8 36. Bc6 Nxc6 37. Rxd7 g6 38. Rc7 Nd4 39. e3 Nb5
40. Rcc1 a3 41. Rcb1 Rxb1+ 42. Rxb1 a2 43. Ra1 Nc3 44. Kf1 f5 45. Ke1 1-0

[Event "BL 1920 SV Werder Bremen - SG Speyer-Sc"]
[Site "?"]
[Date "2019.12.07"]
[Round "3.1"]
[White "Abasov, Nijat"]
[Black "Nabaty, Tamir"]
[Result "1-0"]
[WhiteElo "2663"]
[BlackElo "2647"]
[PlyCount "43"]
[EventDate "2019.??.??"]

1. d4 d5 2. c4 dxc4 3. Nf3 e6 4. e3 c5 5. Bxc4 cxd4 6. Nxd4 Bc5 7. O-O Nf6 8.
Qe2 a6 9. Nf3 b5 10. Bd3 Nbd7 11. a3 Bb7 12. Nbd2 Bd6 13. b4 Ne5 14. Bb1 Rc8
15. Bb2 Nc4 16. Nxc4 bxc4 17. Rc1 Ng4 18. h3 Bxf3 19. gxf3 Nh6 20. Rxc4 Qg5+
21. Kf1 O-O 22. Qc2 1-0

[Event "BL 1920 SV Werder Bremen - SG Speyer-Sc"]
[Site "?"]
[Date "2019.12.07"]
[Round "3.2"]
[White "Areshchenko, Alexander"]
[Black "Neiksans, Arturs"]
[Result "1-0"]
[WhiteElo "2675"]
[BlackElo "2563"]
[PlyCount "69"]
[EventDate "2019.??.??"]

1. e4 e5 2. Nf3 Nc6 3. Bb5 a6 4. Ba4 Nf6 5. O-O Be7 6. Re1 b5 7. Bb3 d6 8. c3
O-O 9. h3 Nb8 10. d4 Nbd7 11. Bc2 c5 12. a4 Rb8 13. Nbd2 Re8 14. dxe5 Nxe5 15.
Nxe5 dxe5 16. axb5 axb5 17. c4 Bd7 18. cxb5 Bxb5 19. Ba4 Bxa4 20. Rxa4 Rb4 21.
Qc2 Qd7 22. Ra3 Qe6 23. Rc3 Nd7 24. b3 Rb7 25. Rd1 h6 26. Nf3 Bf8 27. Be3 Rc8
28. Rd5 Rcb8 29. Rcd3 f6 30. Nh4 Nb6 31. Rd8 c4 32. bxc4 Nxc4 33. Bc5 Rxd8 34.
Rxd8 Rf7 35. Ng6 1-0

[Event "BL 1920 SV Werder Bremen - SG Speyer-Sc"]
[Site "?"]
[Date "2019.12.07"]
[Round "3.3"]
[White "Meshkovs, Nikita"]
[Black "Efimenko, Zahar"]
[Result "1/2-1/2"]
[WhiteElo "2558"]
[BlackElo "2606"]
[PlyCount "57"]
[EventDate "2019.??.??"]

1. d4 Nf6 2. c4 e6 3. Nc3 Bb4 4. e3 O-O 5. Bd2 d5 6. Nf3 b6 7. Rc1 Bb7 8. cxd5
exd5 9. Bd3 Be7 10. O-O c5 11. Ne5 Nc6 12. Be1 a6 13. f4 cxd4 14. Nxc6 Bxc6 15.
Ne2 Bd7 16. Nxd4 Re8 17. Bc3 Bc5 18. b4 Bf8 19. Re1 Ne4 20. Bxe4 dxe4 21. Qh5
Rc8 22. a3 b5 23. Bb2 Qb6 24. Rxc8 Rxc8 25. Qd5 Bc6 26. Qg5 Bd7 27. Qd5 Bc6 28.
Qg5 Bd7 29. Qd5 1/2-1/2

[Event "BL 1920 SV Werder Bremen - SG Speyer-Sc"]
[Site "?"]
[Date "2019.12.07"]
[Round "3.4"]
[White "Van Foreest, Lucas"]
[Black "Pavlidis, Antonios"]
[Result "1/2-1/2"]
[WhiteElo "2526"]
[BlackElo "2560"]
[PlyCount "75"]
[EventDate "2019.??.??"]

1. e4 e5 2. Nf3 Nc6 3. Nc3 Nf6 4. d4 exd4 5. Nxd4 Bb4 6. Nxc6 bxc6 7. Bd3 d5 8.
Bd2 Bxc3 9. Bxc3 dxe4 10. Bxf6 Qxf6 11. Bxe4 O-O 12. O-O Bf5 13. Bxf5 Qxf5 14.
Re1 Rfe8 15. Qd3 Qa5 16. Re4 h6 17. g3 Rad8 18. b3 Rxe4 19. Qxe4 Qc3 20. Re1
Rd6 21. Re3 Qa1+ 22. Kg2 Re6 23. Qf3 Rxe3 24. Qxe3 Qxa2 25. Qe8+ Kh7 26. Qxc6
Qa5 27. Kf3 f5 28. Qc4 Qe5 29. Qd3 Kg6 30. Qe3 Kf6 31. h4 g5 32. hxg5+ hxg5 33.
Qxe5+ Kxe5 34. Ke3 a5 35. f4+ gxf4+ 36. gxf4+ Kd5 37. Kd3 c5 38. c4+ 1/2-1/2

[Event "BL 1920 SV Werder Bremen - SG Speyer-Sc"]
[Site "?"]
[Date "2019.12.07"]
[Round "3.5"]
[White "Shytaj, Luca"]
[Black "Spoelman, Wouter"]
[Result "1-0"]
[WhiteElo "2477"]
[BlackElo "2583"]
[PlyCount "127"]
[EventDate "2019.??.??"]

1. e4 c5 2. c3 d5 3. exd5 Qxd5 4. d4 Nf6 5. Nf3 e6 6. Na3 Qd8 7. Nc4 Be7 8. Be3
cxd4 9. Nxd4 Nd5 10. Bd3 Nxe3 11. fxe3 O-O 12. Qc2 g6 13. O-O-O Nd7 14. Nxe6
fxe6 15. Bxg6 Bf6 16. Bxh7+ Kh8 17. Bg6 Qc7 18. Qe2 Nb6 19. Qh5+ Kg8 20. Nd6
Nd5 21. Ne4 Nxe3 22. Rd3 Nf5 23. Rf1 Be5 24. Kb1 Qg7 25. Ng5 Qh6 26. Rxf5 Qxh5
27. Rxf8+ Kxf8 28. Bxh5 Ke7 29. Nf3 Bc7 30. Bg4 Bd7 31. Re3 Rg8 32. h3 Kd6 33.
Ne5 Bc8 34. Kc2 a6 35. Re2 b5 36. Bf3 Ke7 37. h4 Kf6 38. Ng4+ Ke7 39. h5 Bf4
40. Ne5 Kf6 41. Nd3 e5 42. Nxf4 exf4 43. Re1 Bf5+ 44. Kb3 Rd8 45. Rd1 Be6+ 46.
Kb4 Rc8 47. Ka5 Bxa2 48. Rd6+ Ke5 49. Rxa6 Bc4 50. Rg6 Rh8 51. Kb4 Kf5 52. Rb6
Ke5 53. b3 Bf1 54. Rg6 Bd3 55. Rg5+ Ke6 56. Rc5 Rd8 57. Bc6 Rb8 58. Rg5 Kf6 59.
Rd5 Be4 60. Rxb5 Bxc6 61. Rxb8 Bxg2 62. Rf8+ Ke5 63. h6 Be4 64. Re8+ 1-0

[Event "BL 1920 SV Werder Bremen - SG Speyer-Sc"]
[Site "?"]
[Date "2019.12.07"]
[Round "3.6"]
[White "Werle, Jan"]
[Black "Mager, Denis"]
[Result "1-0"]
[WhiteElo "2542"]
[BlackElo "2276"]
[PlyCount "151"]
[EventDate "2019.??.??"]

1. Nf3 d5 2. g3 Nf6 3. Bg2 g6 4. c4 c6 5. b3 Bg7 6. Bb2 O-O 7. O-O Nbd7 8. Qc2
Re8 9. d4 Nf8 10. e3 b6 11. Nc3 Bf5 12. Qe2 Ne4 13. Ne5 Nxc3 14. Bxc3 Rc8 15.
Rac1 Nd7 16. Nxc6 Rxc6 17. cxd5 Rd6 18. Bb4 Nf6 19. Bxd6 exd6 20. Qc4 Be4 21.
Qc7 Bxg2 22. Kxg2 Nxd5 23. Qb7 Qa8 24. Qxa8 Rxa8 25. Rc6 Rd8 26. Rfc1 Kf8 27.
Rc8 Ke8 28. Kf3 Bf6 29. Ke4 Ne7 30. R8c7 Rd7 31. g4 d5+ 32. Kd3 Kd8 33. R7c2
Ke8 34. f4 h6 35. b4 Kd8 36. a4 Rb7 37. h3 Bg7 38. b5 Rd7 39. Rc3 Rb7 40. R1c2
Rd7 41. a5 bxa5 42. Ra3 Nc8 43. Rxa5 Bf8 44. h4 h5 45. gxh5 gxh5 46. Rg2 Be7
47. Ra6 Kc7 48. Rh6 Bxh4 49. Rxh5 Bd8 50. Rc2+ Kb7 51. Rc5 Nb6 52. Rh7 Na4 53.
Rc2 Kb6 54. Rh5 Kxb5 55. e4 Nb6 56. Rb2+ Kc6 57. e5 a5 58. Rh6+ Kb7 59. f5 a4
60. Rb4 f6 61. Rh8 Be7 62. Rb1 Bd8 63. e6 Rd6 64. Rh7+ Ka6 65. e7 Bxe7 66. Rxe7
Rc6 67. Re6 Kb7 68. Rbe1 a3 69. Rxc6 Kxc6 70. Kc3 Nc4 71. Kb3 Kb5 72. Re6 Nd2+
73. Kxa3 Kc4 74. Rxf6 Kxd4 75. Re6 Nc4+ 76. Kb3 1-0

[Event "BL 1920 SV Werder Bremen - SG Speyer-Sc"]
[Site "?"]
[Date "2019.12.07"]
[Round "3.7"]
[White "Commercon, Simon"]
[Black "Zumsande, Martin"]
[Result "0-1"]
[WhiteElo "2263"]
[BlackElo "2459"]
[PlyCount "146"]
[EventDate "2019.??.??"]

1. d4 d5 2. c4 e6 3. Nc3 Be7 4. cxd5 exd5 5. Bf4 Nf6 6. e3 Bf5 7. Nge2 O-O 8.
Ng3 Bg4 9. Qb3 b6 10. Bd3 c5 11. dxc5 bxc5 12. Qb7 d4 13. Bc7 Qc8 14. Qxa8 dxc3
15. Qxb8 Qxb8 16. Bxb8 cxb2 17. Rb1 Rxb8 18. Kd2 Be6 19. Kc2 Nd5 20. a3 c4 21.
Bf5 Bxa3 22. Bxe6 fxe6 23. e4 Nb4+ 24. Kc3 Rc8 25. Ra1 bxa1=Q+ 26. Rxa1 Bc1 27.
Ne2 Nd3 28. Nxc1 Nxf2 29. Rxa7 Nxe4+ 30. Kd4 Nf6 31. Ne2 Nd5 32. Ke5 c3 33. Ra6
c2 34. Rxe6 Nb4 35. Nc1 Ra8 36. Rb6 Ra1 37. Nb3 Re1+ 38. Kf5 Nd3 39. Rb8+ Kf7
40. Rb7+ Re7 41. Rb5 c1=Q 42. Nxc1 Nxc1 43. g3 Ne2 44. Rb4 Nc3 45. Rb3 Nd5 46.
Rb2 g6+ 47. Kg4 Kg7 48. Kf3 h5 49. h3 Kf6 50. Ra2 Re3+ 51. Kf2 Rb3 52. Ra6+ Rb6
53. Ra3 Ke5 54. Kf3 g5 55. Ra8 Rb3+ 56. Kf2 Nf6 57. Ra5+ Ke6 58. Ra6+ Kf5 59.
Ra5+ Kg6 60. Ra4 Rd3 61. Kg2 Kf5 62. Ra5+ Rd5 63. Ra3 Ne4 64. Kf3 Rc5 65. Ke2
Rc2+ 66. Kd3 Rc3+ 67. Rxc3 Nxc3 68. Kxc3 Ke4 69. g4 hxg4 70. hxg4 Kf3 71. Kd2
Kxg4 72. Ke1 Kg3 73. Kf1 Kh2 0-1

[Event "BL 1920 SV Werder Bremen - SG Speyer-Sc"]
[Site "?"]
[Date "2019.12.07"]
[Round "3.8"]
[White "Wachinger, Nikolas"]
[Black "Kraemer, Enrico"]
[Result "1/2-1/2"]
[WhiteElo "2234"]
[BlackElo "2225"]
[PlyCount "77"]
[EventDate "2019.??.??"]

1. c4 Nf6 2. Nc3 e6 3. e4 d5 4. e5 d4 5. exf6 dxc3 6. bxc3 Qxf6 7. d4 Bd6 8.
Nf3 h6 9. c5 Be7 10. Ne5 Nd7 11. Ng4 Qg6 12. Be2 e5 13. O-O O-O 14. Bd3 f5 15.
Ne3 c6 16. f3 e4 17. fxe4 fxe4 18. Bc4+ Kh8 19. Qg4 Qxg4 20. Nxg4 h5 21. Rxf8+
Bxf8 22. Nf2 Nf6 23. Bg5 Bf5 24. Nd1 Nd5 25. Bxd5 cxd5 26. Ne3 Be6 27. Rb1 b6
28. cxb6 axb6 29. Rxb6 Bg8 30. Rb2 Ba3 31. Rb5 Bc1 32. h4 Bxe3+ 33. Bxe3 Rxa2
34. c4 dxc4 35. Rxh5+ Bh7 36. Rc5 Bg8 37. Rh5+ Bh7 38. Rc5 Bg8 39. Rh5+ 1/2-1/2

[Event "BL 1920 SC Viernheim - SG Turm Kiel"]
[Site "?"]
[Date "2019.12.08"]
[Round "4.1"]
[White "Cheparinov, Ivan"]
[Black "Anton Guijarro, David"]
[Result "1/2-1/2"]
[WhiteElo "2687"]
[BlackElo "2685"]
[PlyCount "70"]
[EventDate "2019.??.??"]

1. d4 d5 2. c4 dxc4 3. e4 Nf6 4. e5 Nd5 5. Bxc4 Bf5 6. Nc3 Nb4 7. e6 fxe6 8. g4
Nc2+ 9. Kf1 Bg6 10. Nf3 Nxa1 11. Bf4 Nc2 12. Bxe6 Na6 13. Kg2 c6 14. Ne5 Nc7
15. Bd7+ Qxd7 16. Nxd7 Kxd7 17. d5 c5 18. h4 Nd4 19. Be5 e6 20. Bxd4 cxd4 21.
Qxd4 e5 22. Qxe5 Re8 23. Qd4 Bd6 24. Qxa7 Rhf8 25. Qxb7 Be4+ 26. Nxe4 Rxe4 27.
Rc1 Rxg4+ 28. Kf1 Rf6 29. b4 Rxh4 30. Rc2 Rh1+ 31. Kg2 Re1 32. b5 Rg6+ 33. Kf3
Rf6+ 34. Kg2 Rg6+ 35. Kf3 Rf6+ 1/2-1/2

[Event "BL 1920 SC Viernheim - SG Turm Kiel"]
[Site "?"]
[Date "2019.12.08"]
[Round "4.2"]
[White "Amin, Bassem"]
[Black "Khenkin, Igor"]
[Result "1/2-1/2"]
[WhiteElo "2683"]
[BlackElo "2546"]
[PlyCount "88"]
[EventDate "2019.??.??"]

1. Nf3 d5 2. g3 c5 3. Bg2 Nc6 4. O-O e5 5. d3 Nf6 6. Na3 Bd6 7. e4 d4 8. c3 O-O
9. Ne1 Bg4 10. f3 Bh5 11. h4 h6 12. Bh3 a6 13. c4 Rb8 14. Ng2 b5 15. Qe1 Nb4
16. Qe2 Re8 17. Bd2 Nd7 18. Rf2 Qc7 19. Kh1 Qc6 20. Rg1 Be7 21. Qf1 Nb6 22. b3
bxc4 23. Nxc4 Nxc4 24. bxc4 Nxa2 25. f4 f6 26. g4 Bg6 27. f5 Bf7 28. g5 hxg5
29. hxg5 fxg5 30. Ne1 Rb1 31. Qg2 Nb4 32. Qg3 Bf6 33. Bf1 Kf8 34. Nf3 Rxf1 35.
Rfxf1 Nxd3 36. Nxg5 Bxg5 37. Bxg5 Qxe4+ 38. Rg2 Rb8 39. Bd2 Rb2 40. Qxg7+ Ke8
41. Qh8+ Kd7 42. Qh7 Ke8 43. Qh8+ Kd7 44. Qh7 Ke8 1/2-1/2